Detalles MARC
| 000 -LIDER |
| fixed length control field |
00919nam a22002897a 4500 |
| 001 - NÚMERO DE CONTROL |
| Identificador de número de control |
000378 |
| 003 - IDENTIFICACDOR DE NÚMERO DE CONTROL |
| control field |
DO-SdBNP |
| 005 - DATE AND TIME OF LATEST TRANSACTION |
| control field |
20180123092053.0 |
| 007 - CAMPOS FIJOS DE DESCRIPCIÓN FÍSICA |
| fixed length control field |
000378 |
| 008 - ELEMENTOS DE LONGITUD FIJA |
| fixed length control field |
160708b 2010 mx ||||| |||| 00| 0 spa d |
| 020 ## - ISBN |
| International Standard Book Number |
9786071101181 |
| 040 ## - FUENTE DE CATALOGACIÓN |
| Agencia que crea de manera original el registro |
BPMSU |
| Idioma de catalogación |
spa |
| Agencia que realiza la transcripción |
BPMSU |
| 082 ## - NÚMERO DE CLASIFICACIÓN DECIMAL DE DEWEY |
| Classification number |
869.342 |
| Item number |
S243v |
| 100 1# - ASIENTO PRINCIPAL -- NOMBRE PERSONAL |
| Nombre personal |
Saramago, José, |
| Fechas asociadas con el nombre |
1922-2010. |
| 240 10 - TITULO UNIFORME |
| Título uniforme |
A viagem do elefante. |
| Idioma de una obra |
Español |
| 245 10 - MENCIÓN DE TITULO |
| Título |
El viaje del elefante / |
| Mención de responsabilidad |
José Saramago ; traducción de Pilar Del Río. |
| 250 ## - MENCIÓN DE EDICION |
| Mención de edición |
7ª reimp. |
| 260 ## - PUBLICACIÓN, DISTRIBUCIÓN, ETC. (PIE DE IMPRENTA) |
| Lugar de publicación, distribución, etc |
México, D.F. : |
| Nombre del editor, distribuidor, etc. |
Alfaguara, |
| Fecha de publicación, distribución, etc |
2010. |
| 300 ## - DESCRIPCIÓN FÍSICA |
| Extensión |
270 p. ; |
| Dimensiones |
21 cm. |
| 500 ## - NOTA GENERAL |
| Nota general |
Incluye datos biográficos de la autor en la solapa de la cubierta. |
| 650 ## - ENCABEZAMIENTO DE MATERIA--TEMÁTICO |
| Término temático o nombre geográfico como elemento de entrada |
NOVELA PORTUGUESA |
| 650 ## - ENCABEZAMIENTO DE MATERIA--TEMÁTICO |
| Término temático o nombre geográfico como elemento de entrada |
LITERATURA PORTUGUESA |
| 700 ## - ASIENTO SECUNDARIO -- NOMBRE PERSONAL |
| Nombre personal |
Río, Pilar del, |
| Fechas asociadas con el nombre |
1950- |
| Mención de responsabilidad |
tr. |
| 942 ## - ADDED ENTRY ELEMENTS (KOHA) |
| Source of classification or shelving scheme |
Dewey Decimal Classification |
| Koha item type |
Libros |
| 945 ## - INFORMACIÓN DE PROCESAMIENTO LOCAL |
| Información de procesamiento local |
Inventariado extranjero / 2018 VM |
| 956 ## - LOCAL ELECTRONIC LOCATION AND ACCESS (OCLC) |
| Método de acceso |
LOPEREZ |
| Materiales especificados |
10 |
| Enlace |
20160708 |
| Campo enlazado y núm. de secuencia |
BPMSU |
| Nombre de host |
00041 |